Constructeurs automobiles américains par modèle - Statistiques

Statistiques générales
  • Ce quiz a été pris 26 fois
  • Le résultat moyen est 4 sur 38
Statistiques - réponses
modèle constructeur % Correct
Model X Tesla
95%
Flex Ford
30%
Sunbird Pontiac
30%
S7 Saleen
30%
H-2 Hummer
25%
Allante Cadillac
20%
New Yorker Chrysler
20%
Coronet Dodge
20%
Park Avenue Buick
15%
Liberty Jeep
15%
MKZ Lincoln
15%
1500 RAM
15%
HHR Chevrolet
10%
Acadia GMC
10%
Aurora Oldsmobile
10%
Valiant Plymouth
10%
Matador AMC
5%
812 Cord
5%
Model J Duesenberg
5%
Air Lucid
5%
Monterey Mercury
5%
Ion Saturn
5%
Series 1 Shelby
5%
Avanti Studebaker
5%
W8 Vector
5%
Speedster Auburn
0%
Firedome De Soto
0%
Bermuda Edsel
0%
Namir Frazer Nash
0%
Model 97 Graham-Paige
0%
Super Six Hudson
0%
Cyclefender Hupmobile
0%
Henry J Kaiser-Frazer
0%
Model 303 Lasalle
0%
Metropolitan Nash
0%
Twin Six Packard
0%
Rebel Rambler
0%
Bearcat Stutz
0%
Aucun quiz correspondant
Distribution des résultats
% des personnes avec chaque résultat
Percentile par nombre de réponses
Votre historique - résultats
Vous n’avez pas pris ce quiz